00306nam a2200109Ia 4500008004100000082001600041100002000057245006100077260003400138300000900172650001500181191201s2010 xx 000 0 und d a677.02bLEH aLEVIN, Menachem 0aHandbook of Fiber Science and Technology Fiber Chemistry aNew YorkbMarcel Dekkerc2010 a1090 aB.Tech(TE)